Trivia de Monterrey - Estadísticas

Estadísticas generales
  • Esta prueba ha sido intentada 46 veces
  • La puntuación promedio es 13 de 20
Estadísticas de respuestas
Hint Respuesta % Correcto
¿Cuáles son los dos equipos profesionales de futbol con sede en Monterrey? Tigres UANL y C.F. Monterrey
95%
¿Cuál municipio de la zona metropolitana tiene la mejor calidad de vida en México y es uno de los más ricos en Latinoamérica? San Pedro Garza García
92%
¿Cuál es el estado cuya capital es Monterrey? Nuevo León
89%
¿Cuál cerro es considerado como uno de los símbolos más importantes de la ciudad? Cerro de la Silla
86%
¿Cuál es la universidad más vieja del estado y la más importante en el noreste de México? Universidad Autónoma de Nuevo León
86%
¿Qué nombre se le da a una cría de cabra, cuya carne es un platillo tradicional de la ciudad? Cabrito
81%
¿Cuál es el unico equipo de la Liga Mexicana de Béisbol con sede en Monterrey? Sultanes de Monterrey
81%
¿Cuál cadena de tiendas de conveniencia, con más de 20000 tiendas en México y presencia internacional, tiene sede en Monterrey? Oxxo
78%
¿Cuál parque está sobre el terreno de lo que una vez fue la primera industria siderúrgica de Latinoamérica? Parque Fundidora
78%
¿Cuál es el gentilicio de Monterrey? Regio/Regiomontano
73%
¿Cuál empresa de cemento, clasificada como la quinta más grande del mundo, tiene su sede central en Monterrey? CEMEX
70%
¿Cuál huracán del 2010 es considerado como uno de los peores desastres naturales en la historia de la ciudad? Huracán Alex
70%
¿En qué año fue una subsede de la Copa Mundial de la FIFA? 1986
62%
¿Quién fundó el asentamiento en 1596? Diego de Montemayor
59%
¿Cuál empresa es la embotelladora más grande de Coca-Cola en el mundo y es la empresa matriz de la respuesta a la pregunta anterior? FEMSA
59%
¿Cuál plaza es la más grande de Norteamérica y la quinta más grande del mundo? Macroplaza
59%
¿Cuál república rebelde controló a Monterrey y al noreste de México en 1840? República del Río Grande
38%
¿Qué deporte juegan los Fundidores Monterrey? Fútbol americano
32%
¿Cuál cervecería fundada en 1890 es ahora una subsidiara de Heineken? Cervecería Cuauhtémoc Moctezuma
30%
¿En cuál guerra se libró la Batalla de Monterrey? Intervención estadounidense en México
16%
No se encontraron pruebas coincidentes
Distribución de puntuación
Porcentaje de gente con cada puntuación
Porcentaje por número respondido
Historial de tus puntuaciones
No has intentado esta prueba.